vufinder Bibliothèque Municipale de Charleval de Provence
Se connecter

vraie famille (Une)

roman

Book Cover
Auteur principal: Valentin Musso
Support: Livres
Langue: Francais
Publié: DL 2022 Points Paris
Genre: Roman
Collection: Points
Sujets:
Étiquettes: Ajouter
Pas de Tags !

LEADER 00579nam0a2200193 450
001 16848417
010 |a 978-2-7578-8292-4  |b br.  |d 8,7 € 
100 |a 20230306d2026 u u0frey01 ba 
101 0 |a fre 
102 |a FR 
200 0 |a vraie famille (Une)  |e roman  |f Valentin Musso 
207 1 |a   
210 |a Paris  |c Points  |d DL 2022 
215 |a 1 vol. (426 p.)  |d 18 cm 
225 1 |a Points  |v P4333 
700 0 |a Musso  |b Valentin  |f 1978-....  |4 70 
900 |a Roman 
901 |a Accessible au prêt 
995 |a Bibliothèque  |c Bibliothèque  |f 024026173  |h 024026173  |k R MUS  |o p  |q a  |r az  |e Bibliothèque 

Options de recherche

Historique de recherche
Recherche avancée

Trouver plus

Nouveautés

Besoin d'aide ?

Contacter un bibliothécaire